[Event "Challenge"]
[Site "http://www.queenalice.com/game.php?id=1839126"]
[Date "2024.6.25"]
[Round "-"]
[White "marcomasa"]
[Black "Ricardoabreu"]
[Result "1-0"]
[WhiteElo "2027"]
[BlackElo "1770"]

1. e4 b6 2. Bc4 Bb7 3. Nc3 g6 4. Nf3 Bg7 5. d4 e6 6. Bf4 d6 7. Qd3 a6 8. a3 Nh6
9. h3 Qd7 10. Bh2 Nc6 11. Ba2 Na5 12. Bg3 Ng8 13. Bh2 Nc6 14. Bg3 h5 15. Bh2 Nf6
16. Bg3 Nh7 17. Bh2 Qe7 18. Bg3 Ng5 19. Bh4 Bf6 20. Bg3 Nxf3+ 21. Qxf3 Nxd4 22.
Qd3 Nc6 23. Bh2 Ne5 24. Qe2 Nc6 25. O-O-O Nd4 26. Qf1 Nc6 27. h4 Bxh4 28. g3 Bf6
29. Rd3 Ne5 30. Re3 Ng4 31. Rf3 Nxh2 32. Rxh2 Bxc3 33. Rxc3 Bxe4 34. f3 Bb7 35.
Qd3 Rc8 36. Qe2 Qg5+ 37. f4 Qxg3 38. Rxg3 1-0

[Event "Challenge"]
[Site "http://www.queenalice.com/game.php?id=1839863"]
[Date "2024.7.7"]
[Round "-"]
[White "Ricardoabreu"]
[Black "marcomasa"]
[Result "0-1"]
[WhiteElo "1746"]
[BlackElo "2054"]

1. b3 e5 2. Bb2 Nc6 3. g3 Qf6 4. Bg2 Bc5 5. e3 Nge7 6. f4 d6 7. fxe5 dxe5 8.
Bxc6+ Nxc6 9. Qe2 Bd7 10. Nf3 Bg4 11. Rf1 Qf5 12. e4 Qf6 13. d3 Nd4 14. Bxd4
Bxd4 15. c3 Bb6 16. Nbd2 Qe7 17. Nc4 Bc5 18. Qd2 a6 19. Ncxe5 Bh3 20. Rh1 f6 21.
Nc4 b5 22. Nb2 Ba7 23. O-O-O O-O 24. Ng1 Be6 25. h3 c5 26. g4 Rad8 27. Nf3 c4
28. Kc2 cxb3+ 29. axb3 Qa3 30. Ra1 Qxb3+ 31. Kc1 Rc8 32. Nd1 Be3 33. Nxe3 Rxc3+
34. Nc2 Rfc8 35. Ne1 Ra8 36. Rb1 Qa3+ 37. Kd1 Qc5 38. Rh2 a5 39. Ke2 b4 40. Kf1
Rc8 41. Rf2 b3 42. Ne3 a4 43. Kg2 a3 44. Nd1 a2 45. Ra1 Rc1 46. Rxc1 Qxc1 47.
Qxc1 Rxc1 48. Ne3 a1=Q 0-1

[Event "Challenge"]
[Site "http://www.queenalice.com/game.php?id=1840153"]
[Date "2024.7.13"]
[Round "-"]
[White "marcomasa"]
[Black "Ricardoabreu"]
[Result "0-1"]
[WhiteElo "2080"]
[BlackElo "1742"]

1. e4 b6 2. Bc4 Bb7 3. Qf3 e6 4. Nc3 Nf6 5. Nh3 h6 6. d3 Bb4 7. Bd2 Ba6 8. Bb3
Nc6 9. a3 Be7 10. Be3 d6 11. Qe2 Qd7 12. Ba2 Ne5 13. Bd2 Neg4 14. f3 Ne5 15. Bb3
Nc6 16. Qe3 Bb7 17. d4 Ba6 18. g3 Na5 19. Ba2 Nc4 20. Bxc4 Bxc4 21. b3 Ba6 22.
e5 dxe5 23. Qxe5 Bd6 24. Qe3 Nh5 25. Nf4 Nxf4 26. gxf4 Qe7 27. h4 Bb7 28. b4 a5
29. b5 Bxa3 30. Na4 Bb4 31. c3 Bd6 32. Qf2 Qf6 33. Qg3 O-O-O 34. Be3 Rhg8 35.
Qf2 Bxf4 36. Nb2 Bxe3 37. Qxe3 Bxf3 38. Rf1 Qxh4+ 39. Kd2 Bd5 40. Rxf7 Qh2+ 41.
Rf2 Qh5 42. Rg1 g5 43. c4 Ba8 44. Qxe6+ Kb8 45. Qe3 Rge8 46. Qc3 Qh4 47. Nd1
Rxd4+ 48. Qd3 Rxd3+ 49. Kxd3 Qe4+ 50. Kc3 Rd8 51. Rd2 Qf3+ 52. Kc2 Be4+ 53. Kc1
Qa3+ 54. Nb2 Qa1# 0-1

[Event "Challenge"]
[Site "http://www.queenalice.com/game.php?id=1841243"]
[Date "2024.8.1"]
[Round "-"]
[White "Ricardoabreu"]
[Black "marcomasa"]
[Result "0-1"]
[WhiteElo "1745"]
[BlackElo "2070"]

1. b3 e5 2. Bb2 Nc6 3. g3 Qf6 4. e3 Bc5 5. Bg2 Nge7 6. Qe2 d6 7. Bh3 Bf5 8. Bxf5
Qxf5 9. d3 a6 10. Nc3 Ba7 11. Ne4 d5 12. Nd2 Nb4 13. Qd1 Nbc6 14. Ba3 Ng6 15.
Qe2 h6 16. Ndf3 Qf6 17. Bb2 Bb6 18. Bc3 Bc5 19. Qd2 Qe6 20. Qe2 d4 21. exd4 exd4
22. Qxe6+ fxe6 23. Bb2 e5 24. O-O-O O-O 25. Re1 b5 26. h4 b4 27. h5 Nge7 28.
Nxe5 Rxf2 29. Nxc6 Nxc6 30. Nh3 Rg2 31. Reg1 Re2 32. Kb1 a5 33. Bc1 a4 34. Nf4
Rf2 35. Ne6 Bd6 36. Bb2 axb3 37. cxb3 Rd2 38. Rd1 Rxd1+ 39. Rxd1 Bxg3 40. Nxd4
Nxd4 41. Bxd4 Bd6 42. Re1 Ra5 43. Re8+ Kh7 44. Rd8 Rxh5 45. Rd7 Rg5 46. Kc2 h5
47. Bf6 Rg2+ 48. Kb1 Kh6 49. Be7 Bxe7 50. Rxe7 c5 51. Re5 Rg5 52. Re6+ g6 53.
Re4 Rf5 54. d4 cxd4 55. Rxd4 Rb5 56. Kb2 Kg5 57. a3 bxa3+ 58. Kxa3 Ra5+ 59. Kb2
h4 60. b4 Rb5 61. Kc3 h3 62. Kc4 Rf5 63. Rd5 Rxd5 64. Kxd5 h2 65. b5 h1=Q+ 66.
Kc5 Qb7 67. b6 Kf5 0-1

[Event "Challenge"]
[Site "http://www.queenalice.com/game.php?id=1841838"]
[Date "2024.8.14"]
[Round "-"]
[White "marcomasa"]
[Black "Ricardoabreu"]
[Result "0-1"]
[WhiteElo "2059"]
[BlackElo "1724"]

1. e4 b6 2. Bc4 Bb7 3. Nc3 e6 4. Qf3 g6 5. Nh3 h6 6. d3 Bb4 7. Bd2 Nf6 8. a3 Be7
9. Ba2 d5 10. exd5 exd5 11. Qe2 Qd6 12. Bf4 Qc6 13. O-O Nbd7 14. Rfe1 Ng8 15. f3
Ndf6 16. Be5 O-O-O 17. Bd4 Re8 18. b4 Bxb4 19. Qd2 Rxe1+ 20. Rxe1 Bxa3 21. Nf4
Qd7 22. Rb1 g5 23. Nh3 Rh7 24. Nb5 Bd6 25. Nxa7+ Kd8 26. Nb5 Ba6 27. c4 dxc4 28.
Bxc4 Be7 29. Bf2 Nh5 30. g4 Ngf6 31. Bg3 Nxg3 32. hxg3 Ke8 33. Nxc7+ Qxc7 34.
Bxa6 Qxg3+ 35. Qg2 Bc5+ 36. Kf1 Qd6 37. Qe2+ Kf8 38. Bc4 Kg7 39. Ra1 Rh8 40. Ra7
Rf8 41. Qa2 b5 42. Rxf7+ Rxf7 43. Bxf7 Qg3 44. Nf2 Qxf2+ 45. Qxf2 Bxf2 46. Kxf2
Kxf7 47. Ke3 Ke6 48. Kd4 Nd5 49. Ke4 Kd6 50. Kd4 Kc6 51. Ke4 Kc5 52. Kf5 b4 53.
Kg6 b3 54. Kxh6 b2 55. Kxg5 b1=Q 56. f4 Qxd3 57. f5 Qe3+ 58. Kg6 Qe7 59. Kh5
Nf4+ 60. Kh6 Qh4+ 61. Kg7 Qxg4+ 62. Kf6 Nd5+ 63. Ke5 Qd4+ 64. Ke6 Qf6+ 65. Kd7
Qe7+ 0-1

[Event "AUTO-ADV-4805"]
[Site "http://www.queenalice.com/game.php?id=1842014"]
[Date "2024.8.17"]
[Round "1"]
[White "fbenevides2019"]
[Black "Ricardoabreu"]
[Result "1-0"]
[WhiteElo "1715"]
[BlackElo "1763"]

1. e4 b6 2. Be2 Bb7 3. Bf3 g6 4. Nc3 Bg7 5. d4 e6 6. e5 Bxf3 7. Qxf3 c6 8. Nh3
Qe7 9. a3 h6 10. Bd2 d6 11. Qe3 dxe5 12. dxe5 Nd7 13. f4 Qh4+ 14. Nf2 h5 15. g3
Qe7 16. O-O-O b5 17. Nce4 a5 18. b3 Qxa3+ 19. Kb1 a4 20. bxa4 Rxa4 21. Qxa3 Rxa3
22. Nd6+ Ke7 23. Nde4 Nh6 24. Bb4+ Kd8 25. Bxa3 Nf5 26. Rd3 Kc7 27. Rhd1 Rd8 28.
Bd6+ Nxd6 29. Nxd6 Nc5 30. Nxb5+ cxb5 31. Rxd8 Na4 32. R1d7+ 1-0

[Event "AUTO-ADV-4805"]
[Site "http://www.queenalice.com/game.php?id=1842015"]
[Date "2024.8.17"]
[Round "1"]
[White "Ricardoabreu"]
[Black "fbenevides2019"]
[Result "1-0"]
[WhiteElo "1759"]
[BlackElo "1730"]

1. b3 e5 2. Bb2 Bc5 3. Bxe5 d6 4. Bxg7 Bd4 5. Bxh8 Bxh8 6. c3 c5 7. g3 Nc6 8. e3
Qe7 9. Bg2 Nf6 10. Bxc6+ bxc6 11. Qf3 Bb7 12. Na3 d5 13. Qf4 c4 14. bxc4 dxc4
15. Nxc4 Rd8 16. Rb1 Ba6 17. Nf3 Nd7 18. Na5 Rc8 19. Qa4 Nb8 20. Nxc6 Rxc6 21.
Rxb8+ Kd7 22. Rxh8 h6 23. Nd4 Qd6 24. Nxc6 Qxc6 25. Qxc6+ Kxc6 26. Rxh6+ 1-0

[Event "AUTO-ADV-4805"]
[Site "http://www.queenalice.com/game.php?id=1842030"]
[Date "2024.8.17"]
[Round "1"]
[White "altair"]
[Black "Ricardoabreu"]
[Result "1-0"]
[WhiteElo "1835"]
[BlackElo "1772"]

1. e4 b6 2. d4 Bb7 3. d5 e6 4. Nc3 a6 5. a3 Nf6 6. Bd3 exd5 7. e5 Qe7 8. Nf3 g6
9. O-O Ne4 10. Re1 Nxc3 11. bxc3 Nc6 12. Bg5 Qe6 13. Bf6 Rg8 14. Ng5 Be7 15.
Nxe6 1-0

[Event "AUTO-ADV-4805"]
[Site "http://www.queenalice.com/game.php?id=1842031"]
[Date "2024.8.17"]
[Round "1"]
[White "Ricardoabreu"]
[Black "altair"]
[Result "0-1"]
[WhiteElo "1742"]
[BlackElo "1910"]

1. b3 e5 2. Bb2 d6 3. g3 Nc6 4. Bg2 Nf6 5. Bxc6+ bxc6 6. e3 Bb7 7. f3 c5 8. d3
g6 9. Qe2 Bh6 10. Bc1 O-O 11. Nc3 Re8 12. Bb2 d5 13. Nb5 Ba6 14. Nc3 d4 15. exd4
cxd4 16. Ne4 Nxe4 17. Qxe4 Qd6 18. Ne2 Qb4+ 19. c3 dxc3 20. Bxc3 Qc5 21. g4 Rad8
22. Rd1 Bg5 23. h4 Bf4 24. Rf1 Bxd3 25. Qb4 Qe3 26. Rd2 Bxe2 27. Rxe2 Bg3+ 28.
Rf2 Qc1# 0-1

[Event "AUTO-ADV-4805"]
[Site "http://www.queenalice.com/game.php?id=1842042"]
[Date "2024.8.17"]
[Round "1"]
[White "Ricardoabreu"]
[Black "carlitomontana93270"]
[Result "0-1"]
[WhiteElo "1774"]
[BlackElo "1904"]

1. b3 c5 2. Bb2 d6 3. g3 e6 4. Bg2 Nf6 5. e3 g6 6. Qe2 Bg7 7. d3 O-O 8. Nf3 Nc6
9. Ng5 h6 10. Ne4 Nxe4 11. Bxg7 Kxg7 12. Bxe4 Bd7 13. Nc3 Qf6 14. Qd2 d5 15. Bg2
a6 16. e4 dxe4 17. dxe4 Rad8 18. Qe3 Nb4 19. Qc1 Qxc3+ 20. Kf1 Bb5+ 21. Kg1 Rd2
22. e5 Qd4 23. Qe1 Nxc2 24. Qe4 Qxa1+ 25. Bf1 Qxf1# 0-1

[Event "AUTO-ADV-4805"]
[Site "http://www.queenalice.com/game.php?id=1842043"]
[Date "2024.8.17"]
[Round "1"]
[White "carlitomontana93270"]
[Black "Ricardoabreu"]
[Result "1-0"]
[WhiteElo "1911"]
[BlackElo "1733"]

1. c4 g6 2. d4 b6 3. e3 Bb7 4. Nf3 Bg7 5. g3 e6 6. Bg2 Nf6 7. O-O c6 8. Nc3 Qe7
9. Qc2 Qb4 10. b3 Na6 11. Bd2 Qd6 12. Ne5 Nh5 13. Nf3 Nb4 14. Qd1 f5 15. a3 Na6
16. Rc1 Qxa3 17. Ra1 Qe7 18. Qb1 O-O 19. Qc2 Nb4 20. Qb1 c5 21. dxc5 Qxc5 22.
Qd1 Na6 23. Rc1 e5 24. Na4 Qe7 25. Re1 Rad8 26. Qe2 e4 27. Nd4 Bxd4 28. exd4 d5
29. Bh6 Rfe8 30. Qd2 dxc4 31. Rxc4 Nb8 32. Qc3 Ng7 33. Rc1 Rd7 34. Qd2 Na6 35.
Bg5 Qf7 36. Bf1 Ne6 37. Bh6 Nac7 38. R4c2 Rxd4 39. Qe3 Nd5 40. Qe1 Nb4 41. Rd2
Rxd2 42. Qxd2 Nc6 43. Qc3 Ned4 44. Bc4 Ne6 45. Bb5 Ned4 46. Bc4 Ne6 47. Rd1 Ncd4
48. Rxd4 Qc7 49. Bxe6+ 1-0

[Event "Challenge"]
[Site "http://www.queenalice.com/game.php?id=1842770"]
[Date "2024.8.31"]
[Round "-"]
[White "jogo"]
[Black "Ricardoabreu"]
[Result "1-0"]
[WhiteElo "1844"]
[BlackElo "1694"]

1. e4 b6 2. d4 e6 3. c4 Bb7 4. Nc3 g6 5. f4 Bg7 6. Nf3 Qe7 7. Be3 Qb4 8. Qc2 Nf6
9. a3 Qe7 10. h3 a6 11. Bd3 d6 12. O-O-O Nh5 13. g4 Nf6 14. e5 dxe5 15. Be2 exf4
16. Bxf4 O-O 17. Rhe1 Rd8 18. g5 Nh5 19. Be3 Ng3 20. Ng1 Nxe2+ 21. Ngxe2 Bf3 22.
Rg1 Nd7 23. Rdf1 Bb7 24. h4 Qd6 25. Bf4 e5 26. dxe5 Bxe5 27. Bxe5 Qxe5 28. Kb1
Rf8 29. Nf4 Nc5 30. Nfd5 Bxd5 31. Nxd5 Rad8 32. Re1 Qf4 33. Nxf4 1-0

[Event "Challenge"]
[Site "http://www.queenalice.com/game.php?id=1842771"]
[Date "2024.8.31"]
[Round "-"]
[White "Ricardoabreu"]
[Black "jogo"]
[Result "0-1"]
[WhiteElo "1709"]
[BlackElo "1779"]

1. b3 d5 2. Bb2 c5 3. e3 Nc6 4. g3 f6 5. Bg2 e5 6. Nc3 Be6 7. Nb5 a6 8. Nc3 d4
9. Bxc6+ bxc6 10. Nb1 dxe3 11. fxe3 Bd6 12. Qh5+ g6 13. Qe2 Ne7 14. Nc3 O-O 15.
Ne4 Bd5 16. Nxf6+ Rxf6 17. e4 Be6 18. Nf3 h6 19. Nxe5 Bxe5 20. Bxe5 Rf7 21. Qe3
c4 22. Qxh6 Rh7 23. Qe3 cxb3 24. axb3 Bh3 25. Qg5 Bg2 26. Rg1 Bxe4 27. Kd1 Rh5
28. Qf6 Qf8 29. Qe6+ Qf7 30. Qg4 Bf3+ 31. Kc1 Bxg4 0-1

[Event "Challenge"]
[Site "http://www.queenalice.com/game.php?id=1842868"]
[Date "2024.9.1"]
[Round "-"]
[White "Ricardoabreu"]
[Black "marcomasa"]
[Result "0-1"]
[WhiteElo "1753"]
[BlackElo "2056"]

1. b3 e5 2. Bb2 Nc6 3. g3 Bc5 4. Bg2 Qf6 5. e3 Nh6 6. Nf3 d5 7. Nc3 Be6 8. Na4
Bd6 9. d4 e4 10. Ng1 Qe7 11. h3 f5 12. Qh5+ Bf7 13. Qe2 a6 14. Nc5 Bxc5 15. dxc5
O-O 16. Ba3 b6 17. b4 Qe5 18. Rd1 Qc3+ 19. Qd2 Qxa3 20. c3 Ne5 21. Ne2 Bh5 22.
O-O Bf3 23. Qxd5+ Nhf7 24. Rde1 Bxe2 25. Rxe2 Qxc3 26. cxb6 cxb6 27. Qe6 g6 28.
Qxb6 Qc8 29. Qd4 Nf3+ 30. Bxf3 exf3 31. Rd2 Rd8 32. Qb2 f4 33. Kh2 fxg3+ 34.
fxg3 Ng5 35. g4 Qc7+ 36. Kh1 Qg3 37. Rh2 Nxh3 38. Qc2 f2 39. Rfxf2 Qg1# 0-1

[Event "Challenge"]
[Site "http://www.queenalice.com/game.php?id=1843920"]
[Date "2024.9.18"]
[Round "-"]
[White "marcomasa"]
[Black "Ricardoabreu"]
[Result "1-0"]
[WhiteElo "2074"]
[BlackElo "1711"]

1. e4 b6 2. Bc4 Bb7 3. Qe2 g6 4. Nc3 Bg7 5. Qe3 e6 6. Nf3 Bh6 7. Qe2 Qe7 8. d3
Qb4 9. a3 Qe7 10. Be3 Bxe3 11. Qxe3 Nc6 12. h3 Qf6 13. d4 Na5 14. Ba2 Nc6 15. e5
Qf5 16. Bb3 Na5 17. g4 Qxf3 18. Qxf3 Bxf3 19. Rg1 Nxb3 20. cxb3 Bb7 21. Nb5 Kd8
22. Rc1 Bc6 23. Nc3 Ne7 24. b4 Nd5 25. Ne4 Nf4 26. Rxc6 dxc6 27. Ng5 Ke7 28. h4
Nd3+ 29. Kd2 Nxb2 30. Rc1 Rhd8 31. Ke3 Na4 32. Rxc6 Rac8 33. Nxh7 a6 34. Ng5 Rh8
35. Nf3 Kd7 36. Rc2 b5 37. Kf4 Nb6 38. Kg3 Nd5 39. Ng5 Ke7 40. Rc1 c6 41. Ne4
Nb6 42. Nc5 Nc4 43. a4 Nb6 44. a5 Nc4 45. Nxa6 Nd2 46. Nc5 Nc4 47. Rc3 f6 48.
exf6+ Kxf6 49. g5+ Ke7 50. Rc1 Rcd8 51. Re1 Rd6 52. f3 Rf8 53. f4 Rf5 54. a6
Rxd4 55. Rxe6+ Kf7 56. Rxc6 Rfxf4 57. Rc7+ Ke8 58. Rc8+ Ke7 59. a7 Rg4+ 60. Kf3
Nd2+ 61. Kf2 Rgf4+ 62. Ke2 Rfe4+ 63. Nxe4 1-0

[Event "AUTO-OPEN-4550"]
[Site "http://www.queenalice.com/game.php?id=1844134"]
[Date "2024.9.23"]
[Round "1"]
[White "Daniel1962"]
[Black "Ricardoabreu"]
[Result "1-0"]
[WhiteElo "1807"]
[BlackElo "1726"]

1. d4 e6 2. Bf4 b6 3. g3 Bb7 4. Nc3 Bxh1 5. f3 g6 6. e4 Bh6 7. Nce2 Bxf4 8. Nxf4
Qe7 9. Qe2 Qb4+ 10. c3 Qd6 11. h4 Nc6 12. Qh2 Bxf3 13. Nxf3 a6 14. e5 Qe7 15.
Bd3 b5 16. g4 b4 17. h5 Nh6 18. g5 Ng4 19. Qh1 Ne3 20. hxg6 fxg6 21. Nxg6 hxg6
22. Qxh8+ Qf8 23. Bxg6+ Ke7 24. Qf6+ Qxf6 25. exf6+ Kf8 26. Ke2 Nd5 27. Rh1 Kg8
28. Bh7+ Kf7 29. Ne5+ Nxe5 30. dxe5 Nf4+ 31. Kf3 Ng6 32. Ke4 Rb8 33. Rh6 Nf8 34.
g6+ Nxg6 35. Bxg6+ Kg8 36. Rh7 bxc3 37. bxc3 Rb2 38. Rxd7 Re2+ 39. Kf4 Rf2+ 40.
Kg5 Rg2+ 41. Kh5 Rh2+ 42. Kg5 Rg2+ 43. Kh6 Kf8 44. Rd8# 1-0

[Event "AUTO-OPEN-4550"]
[Site "http://www.queenalice.com/game.php?id=1844135"]
[Date "2024.9.23"]
[Round "1"]
[White "Ricardoabreu"]
[Black "Daniel1962"]
[Result "0-1"]
[WhiteElo "1745"]
[BlackElo "1788"]

1. b3 e5 2. Bb2 d6 3. g3 Be6 4. Bg2 c6 5. e3 Nf6 6. h3 Bd5 7. Bxd5 Nxd5 8. a3
Nd7 9. Nc3 Nxc3 10. Bxc3 d5 11. Qh5 Qf6 12. Nf3 O-O-O 13. Qg4 h5 14. Bxe5 hxg4
15. Bxf6 Nxf6 16. O-O-O gxf3 17. d3 Bxa3+ 18. Kd2 c5 19. Ra1 Bb4+ 20. c3 Bxc3+
21. Kxc3 d4+ 22. exd4 cxd4+ 23. Kd2 Kb8 24. Ra4 Rhe8 25. Rha1 Re2+ 26. Kd1 a6
27. R1a2 Rxa2 28. Rxa2 Nd5 29. Ra5 Nc3+ 30. Kd2 Re8 31. Rd5 Nxd5 0-1

[Event "AUTO-OPEN-4550"]
[Site "http://www.queenalice.com/game.php?id=1844162"]
[Date "2024.9.23"]
[Round "1"]
[White "josebaron"]
[Black "Ricardoabreu"]
[Result "1-0"]
[WhiteElo "2207"]
[BlackElo "1731"]

1. e4 b6 2. d4 e6 3. Nf3 Bb7 4. Bd3 Nf6 5. Nc3 g6 6. e5 Nd5 7. Nxd5 Bxd5 8. O-O
d6 9. exd6 Qxd6 10. c4 Bb7 11. Re1 Nc6 12. Qa4 Kd8 13. d5 Bg7 14. dxc6 Bxc6 15.
Qb3 Bxf3 16. gxf3 Ke7 17. Be4 Rad8 18. Bg5+ Bf6 19. Bxf6+ Kxf6 20. Red1 Qe5 21.
Rd3 Rxd3 22. Qxd3 Qxb2 23. Rd1 Qxa2 24. Qd4+ e5 25. Qd7 Qxc4 26. Bd5 Qc2 27.
Qxf7+ Kg5 28. Bb3 Qe2 29. h4+ Kh6 30. Rd7 Qb5 31. Qg7+ 1-0

[Event "AUTO-OPEN-4550"]
[Site "http://www.queenalice.com/game.php?id=1844163"]
[Date "2024.9.23"]
[Round "1"]
[White "Ricardoabreu"]
[Black "josebaron"]
[Result "0-1"]
[WhiteElo "1747"]
[BlackElo "2197"]

1. b3 e5 2. Bb2 Nc6 3. g3 Nf6 4. Bg2 d6 5. Bxc6+ bxc6 6. Nc3 Be7 7. Na4 Bb7 8.
d3 c5 9. f3 Ng4 10. Bc1 O-O 11. h3 Nf6 12. Bg5 h6 13. Bd2 Re8 14. h4 Nh5 15. Kf2
f5 16. Nh3 f4 17. Rg1 fxg3+ 18. Kg2 Bxh4 19. Qc1 e4 20. dxe4 Rxe4 21. Re1 Bf6
22. Bxh6 Qe8 23. Qd2 Bxa1 24. fxe4 Qxe4+ 0-1

[Event "AUTO-OPEN-4550"]
[Site "http://www.queenalice.com/game.php?id=1844182"]
[Date "2024.9.23"]
[Round "1"]
[White "Ricardoabreu"]
[Black "CCapivara"]
[Result "0-1"]
[WhiteElo "1749"]
[BlackElo "2238"]

1. g3 d5 2. Bg2 e5 3. d3 f5 4. Nc3 Nf6 5. Nf3 Bd6 6. Ng5 c6 7. Nf3 O-O 8. h3 e4
9. Ng1 Be6 10. dxe4 fxe4 11. a3 Qc7 12. Qd2 Bxg3 13. Qg5 Be5 14. h4 Ng4 15. f3
Bg3+ 16. Kd1 Nf2+ 17. Kd2 Bf4+ 0-1

[Event "AUTO-OPEN-4550"]
[Site "http://www.queenalice.com/game.php?id=1844183"]
[Date "2024.9.23"]
[Round "1"]
[White "CCapivara"]
[Black "Ricardoabreu"]
[Result "1-0"]
[WhiteElo "2191"]
[BlackElo "1713"]

1. e4 b6 2. d4 e6 3. c4 Bb7 4. Nc3 Bb4 5. f3 Bxc3+ 6. bxc3 Qe7 7. Bd3 Qh4+ 8. g3
Qf6 9. Nh3 h6 10. O-O Ba6 11. Nf4 Nc6 12. Ba3 Na5 13. Qe2 Nc6 14. e5 Qg5 15. Kg2
h5 16. h4 Qd8 17. d5 exd5 18. cxd5 Bxd3 19. Nxd3 Nce7 20. c4 Nh6 21. Rad1 O-O
22. Nf4 g6 23. e6 Nhf5 24. exf7+ Rxf7 25. Qe5 d6 26. Qc3 Qd7 27. Bb2 Rh7 28.
Rde1 Re8 29. Re6 c6 30. Rfe1 c5 31. Nxg6 Rg7 32. Rxe7 Rexe7 33. Nxe7+ Rxe7 34.
Qh8+ Kf7 35. Qxh5+ Kf8 36. Rxe7 Kxe7 37. Qh7+ Kd8 38. Qxd7+ Kxd7 39. h5 Nh6 40.
g4 Nf7 41. f4 Ke7 42. g5 Kf8 43. Kf3 Kg8 44. Kg4 a6 45. g6 Nd8 46. h6 b5 47. h7+
1-0

[Event "Challenge"]
[Site "http://www.queenalice.com/game.php?id=1844354"]
[Date "2024.9.27"]
[Round "-"]
[White "Ricardoabreu"]
[Black "marcomasa"]
[Result "0-1"]
[WhiteElo "1729"]
[BlackElo "2053"]

1. e4 e5 2. Qh5 Qf6 3. b3 g6 4. Qe2 Bc5 5. Bb2 Nc6 6. Nf3 d6 7. Nc3 Be6 8. Na4
Nh6 9. h3 Qe7 10. Nxc5 dxc5 11. Nxe5 Nxe5 12. Bxe5 f6 13. Bb2 Bd7 14. d3 Nf7 15.
a4 a5 16. g4 h6 17. h4 b6 18. Rg1 Bc6 19. g5 hxg5 20. hxg5 O-O-O 21. Bxf6 Qd6
22. Bxd8 Qxd8 23. f4 Qd4 24. Qg4+ Bd7 25. Qg3 Qxa1+ 26. Kd2 Qd4 27. Rg2 Qb4+ 28.
Kd1 Qd4 29. Kd2 Nd6 30. Be2 Nxe4+ 0-1

[Event "Challenge"]
[Site "http://www.queenalice.com/game.php?id=1845307"]
[Date "2024.10.13"]
[Round "-"]
[White "marcomasa"]
[Black "Ricardoabreu"]
[Result "1-0"]
[WhiteElo "2072"]
[BlackElo "1684"]

1. e4 b6 2. Bc4 Bb7 3. Qf3 e6 4. Nc3 g6 5. Nh3 Bg7 6. Qe3 Nc6 7. a3 Bd4 8. Qd3
Qf6 9. Ne2 Bxb2 10. Bxb2 Qxb2 11. O-O Qf6 12. c3 Ne5 13. Qg3 Nxc4 14. Qxc7 Ba6
15. Ra2 Ne5 16. d4 Nc6 17. Qg3 Qe7 18. Re1 Nf6 19. Nef4 Bc4 20. Raa1 Na5 21. e5
Nd5 22. a4 Nxf4 23. Qxf4 Rc8 24. Ng5 Bd5 25. Ne4 Bxe4 26. Qxe4 O-O 27. Qf3 Nb3
28. Ra2 Na5 29. Qh3 f6 30. Qh4 Rxc3 31. exf6 Rxf6 32. Rae2 Rd3 33. Qe4 Rc3 34.
Qa8+ Kf7 35. Qxa7 Rb3 36. Rc2 Nc6 37. Qb7 Rf5 38. g3 Rd5 39. Rd1 Rxd4 40. Rxd4
Nxd4 41. Rc7 Kf6 42. Rxd7 Qb4 43. Rf7+ Ke5 44. f4+ Kd6 45. Rd7+ Kc5 46. Qc7+ Nc6
47. Qd6+ Kc4 48. Qxe6+ Kc3 49. Qxc6+ Kb2 50. Qe6 Qc5+ 51. Kg2 Qc2+ 52. Kh3 Qc1
53. Qe2+ Ka3 54. Rd1 Qc8+ 55. Kg2 Qc6+ 56. Kg1 Kxa4 57. Qa2+ Kb4 58. Rd4+ Kc3
59. Qd2# 1-0

[Event "Challenge"]
[Site "http://www.queenalice.com/game.php?id=1845732"]
[Date "2024.10.18"]
[Round "-"]
[White "Ricardoabreu"]
[Black "marcomasa"]
[Result "0-1"]
[WhiteElo "1696"]
[BlackElo "2094"]

1. b3 e5 2. Bb2 Nc6 3. g3 d5 4. Bg2 Bf5 5. d3 Nf6 6. Nf3 Bd6 7. Nh4 Qd7 8. Nxf5
Qxf5 9. h4 Qe6 10. Qd2 h6 11. Nc3 a6 12. Bh3 Qe7 13. Bg2 Bb4 14. a3 Bc5 15. Nxd5
Qd6 16. Nxf6+ Qxf6 17. e3 a5 18. Qe2 O-O-O 19. Bh3+ Kb8 20. Rf1 Qg6 21. O-O-O
Qd6 22. Bg2 Bxa3 23. Bxa3 Qxa3+ 24. Kd2 Qb4+ 25. Kc1 Na7 26. Kb2 Nb5 27. Qd2
Qa3+ 28. Kb1 b6 29. f4 a4 30. Rc1 axb3 31. cxb3 Qxb3+ 32. Qb2 Na3+ 33. Ka1 Qa4
34. Rfd1 Nc2+ 35. Kb1 Nb4 36. Rd2 Nxd3 37. Rxd3 Rxd3 38. Rc2 Rb3 0-1